NBA Top 10 Game 7 All-Time - Statistics

General Stats
  • This quiz has been taken 199 times
  • The average score is 4 of 13
Answer Stats
Finals % Correct
Cavaliers - Warriors, 2016
91%
Celtics - Lakers, 1969
70%
Celtics - Lakers 1984
70%
Heat - Spurs, 2013
57%
Lakers - Pistons, 1988
30%
Bulls - Pacers, 1998
21%
Lakers - Kings, 2002
19%
Knicks - Lakers, 1970
18%
Celtics - 76ers, 1981
17%
Celtics - Cavaliers, 2008
8%
Mavericks - Spurs, 2006
7%
Clippers - Spurs, 2015
5%
Rockets - Suns, 1995
3%
No matching quizzes found
Score Distribution
Percent of People with Each Score
Percentile by Number Answered
Your Score History
You have not taken this quiz